| 000 | 00856nam a2200205Ia 4500 | ||
|---|---|---|---|
| 003 | Ost | ||
| 005 | 20260507075550.0 | ||
| 008 | 260507s9999||||xx |||||||||||||| ||und|| | ||
| 040 | _cfsecg | ||
| 041 | _aara | ||
| 082 | _a350 | ||
| 100 |
_aالصوص، نداء محمد _eمؤلف |
||
| 245 | 0 |
_aمدخل إلى علم الادارة / _c نداء محمد الصوص |
|
| 260 |
_aعمان: _bمكتبة المجتمع العربي للنشر والتوزيع, _c2007 |
||
| 300 |
_a233 صفحة؛ _bإيضاحات ؛ _c24 سم |
||
| 490 |
_aسلسلة الوجيز في العلوم الإدارية _v4 |
||
| 520 | _aيضم المدخل إلى الإدارة، التخطيط واتخاذ القرارات الإدارية، وظيفة التنظيم الإداري، التوجيه والرقابة | ||
| 653 | _aالإدارة | ||
| 942 | _cكتاب | ||
| 999 |
_c44907 _d44907 |
||